Normal view MARC view

Entry Topical Term

Number of records used in: 1

001 - CONTROL NUMBER

  • control field: 219981

003 - CONTROL NUMBER IDENTIFIER

  • control field: OSt

005 - DATE AND TIME OF LATEST TRANSACTION

  • control field: 20250724164456.0

008 - FIXED-LENGTH DATA ELEMENTS

  • fixed length control field: 250724|| aca||aabn | a|a d

040 ## - CATALOGING SOURCE

  • Original cataloging agency: OSt
  • Transcribing agency: OSt

150 ## - HEADING--TOPICAL TERM

  • Topical term or geographic name entry element: strategy

670 ## - SOURCE DATA FOUND

  • Source citation: Work cat.: (OSt)124042: Srivastava P N 219980, Business policy and strategy, 2020